Brandt, Marion (ed.): Grenzüberschreitungen [Rezension]

Titel: Brandt, Marion (ed.): Grenzüberschreitungen [Rezension] / Marek Rajch
Verfasser:
In: Convivium, (2006), Seite 373-375
alle Artikel anzeigen
Veröffentlicht: 2006
Format: Aufsatz
Sprache: Deutsch
Kein Bild verfügbar
X
alg: 18578098
001A    $04504:24-04-07 
001B    $01999:23-07-19 $t17:37:27.000 
001C    $04504:24-04-07 $t09:11:31.000 
001D    $04504:24-04-07 
001U    $0utf8 
001X    $00 
002@    $0Aou 
003@    $0185780989 
007A    $0185780989 $aHEB 
010@    $ager 
011@    $a2006 
021A    $aBrandt, Marion (ed.): Grenzüberschreitungen [Rezension] $hMarek Rajch 
028A    $7 $8Rajch, Marek [Tnd] $9193845989 
031A    $h373-375 $j2006 
039B    $aIn $8--Abvc--. Convivium. - Łódź : Verlag der Universität Lodz, 1994-. - ISSN 2196-8403 $x200600000000000627 $9048657417 
039T    $8--Aau--. Grenzüberschreitungen. - München : Meidenbauer, 2006. - 278 S.. - Ill.. - ISBN 3-89975-560-X $9179718959 
045T    $a7,20 $a7,20 
045T    $aAVL $qDE-30 $2FID 
045T    $aGER $qDE-30 $2FID 
045V    $817.04.00$jStudien [Tkx] $9118845861 

lok: 18578098 62

exp: 18578098 62 1 #EPN
201B/01 $024-04-07 $t21:17:55.000 
203@/01 $050301236X 
208@/01 $a24-04-07 $be 
209A/01 $a/ $f000 $x00 
209B/01 $a2007 $x05 
247C/01 $8Frankfurt, Bibliographie der Deutschen Sprach- und Literaturwissenschaft $9113214561 
201U/01 $0utf8 

lok: 18578098 78

exp: 18578098 78 1 #EPN
201B/01 $001-11-18 $t10:43:58.000 
201C/01 $001-11-18 
201U/01 $0utf8 
203@/01 $01032746009 
208@/01 $a01-11-18 $be 
209A/01 $a/ $f000 $x00 
209A/01 $ab*p $x01 
220C/01 $apgar 
220C/01 $aTitelaufnehmer: gk;kh 
220C/01 $aHerkunft: HI Marburg 
244Z/01 $#Generalgouvernement Polen $#Polska $#Rzeczpospolita Polska $#Polska Rzeczpospolita Ludowa $#Poland $#Pologne $#République Polonaise $#Generalne Gubernatorstwo w Polsce $#Polish People's Republic $#Polska Rzeczpospolita Polen $#PRL $#RP $#Polen Generalgouvernement $#Polska Generalgouvernement $#Besetzte Polnische Gebiete $#Besetztes Gebiet in Polen $#Okupowane Polskie Obszary $#Obszary Okupowane w Polsce $#Volksrepublik Polen $#Polska Rosyjska $#Republic Polen $#Respublika Pol'ša $#Pol'skaja Narodnaja Respublika $#République de Pologne $#Polen Links der Weichsel $#Polska po Lewej Stronie Wisły $#Lenkija $#Polija $#Gubernija Carstva Pol'skago $#Republik Polen $74046496-9 $8--Tg1--Polen $x01 $9085129801 
247C/01 $82080>Marburg/Lahn, Herder-Institut, Forschungsbibliothek, Bibliographieportal $9336309341
LEADER 00000caa a2200000 c 4500
001 185780989
003 DE-603
005 20190723173727.0
007 tu
008 070424s2006 xx |||| | u00||u|ger c
035 |a (DE-599)HEB185780989 
040 |a DE-603  |b ger  |c DE-603  |d DE-603 
041 |a ger 
084 |a 7,20  |a 7,20  |2 ssgn 
084 |a AVL  |q DE-30  |2 fid 
084 |a GER  |q DE-30  |2 fid 
100 1 |a Rajch, Marek  |0 (DE-603)193845989 
245 0 0 |a Brandt, Marion (ed.): Grenzüberschreitungen [Rezension]  |c Marek Rajch 
264 0 |c 2006 
773 0 8 |i In  |t Convivium  |d Łódź : Verlag der Universität Lodz, 1994-  |x 2196-8403  |g (2006), Seite 373-375  |w (DE-603)048657417  |w (DE-600)1221798-0 
787 0 8 |i Rezension von  |t Grenzüberschreitungen  |d München : Meidenbauer, 2006  |h 278 S., Ill.  |z 389975560X  |w (DE-603)179718959 
924 0 |9 603  |a (DE-603)50301236X  |b DE-603  |c HES  |d d 
924 0 |9 2080  |a (DE-603)1032746009  |b DE-2080  |c HES  |d d  |g /